Study of industrial law (Record no. 29441)

MARC details
000 -LEADER
fixed length control field 00314nam a2200133Ia 4500
082 ## - DEWEY DECIMAL CLASSIFICATION NUMBER
Classification number 347.7
Item number KOT
100 ## - MAIN ENTRY--AUTHOR NAME
Personal name Kothari, G M
245 #0 - TITLE STATEMENT
Title Study of industrial law
250 ## - EDITION STATEMENT
Edition statement Ed.3
260 ## - PUBLICATION, DISTRIBUTION, ETC. (IMPRINT)
Place of publication Bombay
Name of publisher Tripathi
Year of publication 1978
650 ## - SUBJECT ADDED ENTRY--TOPICAL TERM
Topical Term Industrial law
942 ## - ADDED ENTRY ELEMENTS (KOHA)
Koha item type Books
Holdings
Withdrawn status Lost status Damaged status Not for loan Home library Current library Date acquired Cost, normal purchase price Full call number Accession Number Koha item type
        RRII Library RRII Library 16/12/2021 60.00 347.7 KOT 10028 Books